| 000 | 01272nam a2200325 a 4500 | ||
|---|---|---|---|
| 001 | ebr10017230 | ||
| 003 | CaPaEBR | ||
| 006 | m u | ||
| 007 | cr cn||||||||| | ||
| 008 | 970922s1998 enk sb 001 0 eng | ||
| 010 | _z 97041696 | ||
| 020 | _z0415170850 (hb) | ||
| 040 |
_aCaPaEBR _cCaPaEBR |
||
| 035 | _a(OCoLC)559439998 | ||
| 050 | 1 | 4 |
_aBP65.G7 _bJ33 1998eb |
| 082 | 0 | 4 |
_a305.235 _221 |
| 100 | 1 |
_aJacobson, Jessica, _d1966- |
|
| 245 | 1 | 0 |
_aIslam in transition _h[electronic resource] : _breligion and identity among British Pakistani youth / _cJessica Jacobson. |
| 260 |
_aLondon ; _aNew York : _bRoutledge, _c1998. |
||
| 300 | _aix, 177 p. | ||
| 504 | _aIncludes bibliographical references (p. 167-174) and index. | ||
| 533 |
_aElectronic reproduction. _bPalo Alto, Calif. : _cebrary, _d2013. _nAvailable via World Wide Web. _nAccess may be limited to ebrary affiliated libraries. |
||
| 650 | 0 |
_aIslam _zGreat Britain. |
|
| 650 | 0 |
_aMuslim youth _zGreat Britain. |
|
| 650 | 0 |
_aPakistanis _zGreat Britain. |
|
| 650 | 0 |
_aIslam _y20th century. |
|
| 655 | 7 |
_aElectronic books. _2local |
|
| 710 | 2 | _aebrary, Inc. | |
| 856 | 4 | 0 |
_uhttp://site.ebrary.com/lib/rucke/Doc?id=10017230 _zAn electronic book accessible through the World Wide Web; click to view |
| 999 |
_c29043 _d29043 |
||